000 00481nam a2200181Ia 4500
003 OSt
005 20240210121447.0
008 210210b1943 xxu||||| |||| 00| 0 eng d
040 _cAL
041 _aKannada
082 _a852/150
100 _aKRASHNA SHARMA (C) ಕೃಷ್ಣಶರ್ಮ (ಸಿ )
_9141941
245 _aParna kuti
_bಪರ್ಣ ಕುಟಿ
260 _aBengaluru
_b-
_c1943
690 _aKannada Prose
_9141944
906 _a018719
942 _2ddc
_cBK
999 _c142273
_d142273